| 000 | 01225nam a22002657a 4500 | ||
|---|---|---|---|
| 999 |
_c15616 _d15616 |
||
| 008 | 201012b ||||| |||| 00| 0 eng d | ||
| 020 | _a978-1-5011-5526-0 | ||
| 082 |
_22016 _aDFic _bOn18 |
||
| 100 |
_aBanas, Danielle [and nine others] _942255 |
||
| 245 |
_aOnce upon now : _bmodern tales with a twist / _cDanielle Banas [and nine others] |
||
| 260 |
_aNew York: _bGallery Books, _c©2016 |
||
| 300 |
_a311 pages ; _c22 cm |
||
| 520 | _aAn exclusive collection of new modern tales with a fantastical twist, from some of the most beloved writers on Wattpad. Discover this anthology of everyday stories influenced by fairytales and mythology—from ten Wattpad authors, all voted by the site’s users, featuring your favorite celebrities, all with a touch of fantasy and whimsy. If you enjoyed the collection Imagines, you’ll love Once Upon Now! | ||
| 700 |
_aBender, Mikaela _942256 |
||
| 700 |
_aButler, J.M. _942257 |
||
| 700 |
_aGoelz, Debra _942258 |
||
| 700 |
_aKlare, Shannon _942259 |
||
| 700 |
_aKovach, R.S. _942260 |
||
| 700 |
_aNovak, Ali _942261 |
||
| 700 |
_aOja, Tammy _942262 |
||
| 700 |
_aOwen, Christine _942263 |
||
| 700 |
_aSprague, Jesse _942264 |
||
| 365 |
_b190.00 _cPhp |
||
| 942 |
_2ddc _cDFIC |
||